| 000 | 00374 a2200133 4500 | ||
|---|---|---|---|
| 003 | Nust | ||
| 005 | 20170207155234.0 | ||
| 040 | _cNust | ||
| 082 | _aMCS | ||
| 245 |
_aArrivel New Comdt, Brig Ali Farhan,Photographs-2012 _cMCS |
||
| 260 |
_aRawalpindi _bMCS _c2012 |
||
| 650 | _aPictures of Arrivel New Comdt, Brig Ali Farhan, Photgraphs-2012, (CD- NO 22) | ||
| 651 | _aSweet Memories-MCS | ||
| 942 | _cBK | ||
| 999 |
_c200689 _d200689 |
||